Score 0/137 Timer 10:00
13 Plays Today
% Correct
Hulk
94.2%
Groot
94.1%
Thor
91.2%
Wolverine
88.8%
Captain
America
88%
Spider-Man
88%
Black
Widow
87.6%
Iron Man
86.8%
Hawkeye
86.5%
Ant-Man
86.4%
Star-Lord
84.7%
Thing
84.6%
Green Goblin
83.9%
Winter
Soldier
83.2%
Loki
83.1%
Thanos
82.6%
Storm
82%
Magneto
81.6%
Red Skull
81.3%
Human
Torch
80.1%
Black
Panther
80%
Dr. Strange
79.3%
Professor X
79.2%
Vision
79.2%
War Machine
79%
Beast
78.9%
Dr. Octopus
78.3%
Gamora
78.1%
Scarlet
Witch
78.1%
Deadpool
76.7%
Falcon
75.7%
Quicksilver
75.3%
Ghost
Rider
75.2%
Ultron
75%
Nick Fury
74.5%
Daredevil
74.4%
Odin
72.8%
Drax
72.7%
Mystique
71.2%
Silver
Surfer
70.9%
Mister
Fantastic
68.2%
Nightcrawler
67.7%
Angel
67.2%
Dr. Doom
67.1%
Cyclops
66.1%
Rocket
Raccoon
64.3%
% Correct
Sandman
63.3%
Blade
62.9%
Iron Patriot
62.8%
Invisible
Woman
62.8%
Nebula
60%
Ronan the
Accuser
59.6%
Gambit
58.2%
Iceman
57.9%
Venom
57%
Juggernaut
56.6%
Heimdall
56.4%
Punisher
56.3%
Baymax
55.9%
Abomination
55.7%
Kingpin
55.6%
Rogue
54.8%
Blob
52.2%
Electro
52%
Yellowjacket
52%
Colossus
51.1%
Yondu
50.6%
Crossbones
50.3%
Lizard
47.7%
Jean Grey
47.3%
Bullseye
46%
Rhino
45.9%
Emma
Frost
45.7%
Phil Coulson
43.3%
Whiplash
42.6%
Jameson
42.5%
New Goblin
42.4%
Iron Monger
42%
Peggy
Carter
41.9%
Destroyer
40.1%
Maria Hill
39.7%
General
Ross
39.4%
Pepper
Potts
37.8%
Banshee
37.5%
Mary Jane
Watson
36.6%
Elektra
35.2%
Apocalypse
34.7%
Havok
34.5%
Toad
34.3%
Bishop
34%
Sabretooth
34%
Kitty
Pryde
32.2%
% Correct
Man-Thing
32.2%
Death-
strike
31.1%
Lady Sif
31%
Jubilee
30.7%
Bolivar
Trask
30.2%
Malekith
29.4%
'Mandarin'
29.1%
Sebastian Shaw
28%
Gwen
Stacy
27.2%
Nova
Prime
26.6%
Azazel
26.4%
Psylocke
26%
Pyro
25.9%
Dum Dum
Dugan
23.6%
Volstagg
22.9%
Blink
22.7%
Viper
21.7%
Stryker
21.5%
Sunspot
21.2%
Quill
20.7%
Fandral
20.3%
Leech
19.9%
Laufey
19.4%
The Russian
19.4%
Jigsaw
19%
Flash
Thompson
18.7%
Multiple
Man
18%
Warpath
17.8%
Kurse
17.3%
Hogun
17%
Arnim
Zola
16.9%
Aldrich
Killian
14.6%
Darwin
14.2%
Abraham
Erskine
14.2%
Batroc
14.1%
Spike
13.9%
Callisto
11.5%
John
Wraith
11.2%
Yukio
10.9%
Riptide
10.7%
Yinsen
9.2%
Arclight
8.9%
Blackout
7.8%
Typhoid
6.8%
Hannibal King
6.3%
Remove Ads.
Support Sporcle.
Get the best of Sporcle when you Go Orange. This ad-free experience offers more features, more stats, and more fun while also helping to support Sporcle. Thank you for becoming a member.

You're not logged in!

Compare scores with friends on all Sporcle quizzes.
OR
Log In

Sporcle TV

Today on Sporcle TV


Watch our educational content, quiz creation guides, and fun videos on Sporcle TV.

Show Comments

Extras

Top Quizzes Today


Score Distribution

Paid Content

Your Account Isn't Verified!

In order to create a playlist on Sporcle, you need to verify the email address you used during registration. Go to your Sporcle Settings to finish the process.

Report this User

Report this user for behavior that violates our Community Guidelines.

Details: